| 000 | 00342nam a2200133Ia 4500 | ||
|---|---|---|---|
| 005 | 20251222152655.0 | ||
| 008 | 251222s9999||||xx |||||||||||||| ||spa|| | ||
| 020 | _a9688531820 | ||
| 082 | _a158/C86 | ||
| 100 | _aCovey, Stephen R. | ||
| 245 | 0 | _aLos 7 Hábitos de la Gente Altamente Efectiva | |
| 264 | _bPaidos Mexicana S.A. | ||
| 942 | _cLIB | ||
| 999 |
_c28608 _d28608 |
||